Psychopathology / Research, Assessment and Treatment in Clinical Psychology (Record no. 8141)
[ view plain ]
| 000 -LEADER | |
|---|---|
| fixed length control field | 01295cam a22001694a 4500 |
| 005 - ΗΜΕΡΟΜΗΝΙΑ ΚΑΙ ΩΡΑ ΤΕΛΕΥΤΑΙΑΣ ΕΝΗΜΕΡΩΣΗΣ | |
| Πεδίο ελέγχου | 20250605163629.0 |
| 008 - FIXED-LENGTH DATA ELEMENTS--GENERAL INFORMATION | |
| Πεδίο ελέγχου σταθερού μήκους | 250528s ||||||||||||||||||||||||d |
| 035 ## - SYSTEM CONTROL NUMBER | |
| System control number | 23111 |
| 040 ## - ΠΗΓΗ ΚΑΤΑΛΟΓΟΓΡΑΦΗΣΗΣ | |
| Φορέας πρωτότυπης καταλογογράφησης | MC Athens Campus Library |
| Γλώσσα καταλογογράφησης | Ελληνικά, Μοντέρνα (1453-) |
| Modifying agency | MC Athens Campus Library |
| Κανόνες περιγραφικής καταλογογράφησης | AACR2 |
| 245 1# - ΤΙΤΛΟΣ ΚΑΙ ΔΗΛΩΣΗ ΥΠΕΥΘΥΝΟΤΗΤΑΣ | |
| Τίτλος | Psychopathology / Research, Assessment and Treatment in Clinical Psychology |
| 260 ## - PUBLICATION, DISTRIBUTION, ETC. | |
| Name of publisher, distributor, etc. | Bps Blackwell, |
| Date of publication, distribution, etc. | 1900 |
| 300 ## - PHYSICAL DESCRIPTION | |
| Extent | 732 |
| 520 ## - SUMMARY, ETC. | |
| Summary, etc. | This book provides superb coverage of psychopathology and treatment for adult and child mental health.Includes DVD with case studies and clinical training device. Acknowledgements, Preface, General Concepts and Processes and Procedures, Psychopathology: Concepts and Classification, Clinical Assessment, Research Methods in Clinical Psychology, Treating Psychopathology, Adult Mental Health, Anxiety Based Problems, Depression and Mood Disorders, Experiencing Psychosis: Schizophrenia and its Symptoms, Substance Abuse and Dependency, Eating Disorders, Sexual and Gender Identity Problems, Personality Disorders, Somatoform Disorders, Dissociative Experiences, Neurological Disorders, Developmental Psychopathology, Childhood Psychological Problems, Learning and Intellectual and Developmental Disabilities, Glossary, References, Author and Subject Index. |
| 942 ## - ADDED ENTRY ELEMENTS (KOHA) | |
| Koha item type | Books |
| Τύπος τεκμηρίου | Βιβλιοθήκη | Τρέχουσα τοποθεσία | Barcode | Αριθμός εισαγωγής | Ημερομηνία απόκτησης | Ταξιθετικό σύμβολο | Αριθμός αντιτύπου | Κατάσταση απόσυρσης | Κατάσταση χαμένου | Κατάσταση κατεστραμμένου | Μη δανεισμός | Σύνολο δανεισμών | Ημερομηνία τελευταίας εμφάνισης | Η τιμή ισχύει από |
|---|---|---|---|---|---|---|---|---|---|---|---|---|---|---|
| Books | MC Athens Campus Library | MC Athens Campus Library | 9780000081407 | 7684 | 05/06/2025 | REF 616.89 DAV | 1 | 05/06/2025 | 05/06/2025 |